[Event "chess.com SpeedChess Q2Sw"]
[Site "chess.com INT"]
[Date "2022.11.12"]
[Round "12"]
[White "Eynullayev, Atilla"]
[Black "Gabrielian, Artur"]
[Result "0-1"]
[WhiteTitle "FM"]
[BlackTitle "GM"]
[WhiteElo "2281"]
[BlackElo "2460"]
[WhiteFideId "13413570"]
[BlackFideId "4131002"]
[EventDate "2022.11.12"]

1. d4 Nf6 2. c4 c5 3. d5 e6 4. Nc3 exd5 5. cxd5 d6 6. e4 g6 7. f4 Bg7 8. Bb5+
Nfd7 9. Bd3 O-O 10. Nf3 Nf6 11. O-O Bg4 12. h3 Bxf3 13. Qxf3 Nbd7 14. Kh1 a6 15.
a4 Rc8 16. Be3 Re8 17. Rae1 c4 18. Bb1 Nc5 19. Bd4 Nb3 20. Be3 Nd7 21. Qf2 Ndc5
22. e5 Nd3 23. Bxd3 cxd3 24. Bb6 Qd7 25. Ne4 Rc2 26. Qe3 d2 27. Qxb3 dxe1=Q 28.
Rxe1 Rec8 29. Nxd6 Rc1 30. Rxc1 Rxc1+ 31. Kh2 Bh6 32. Be3 Rf1 33. Qxb7 Qxb7 34.
Nxb7 Re1 35. Bd2 Rd1 36. Be3 Rxd5 37. Kg3 Rd3 38. Kf3 Bf8 39. Ke4 Rb3 40. Bd4
Rxb7 0-1

[Event "chess.com SpeedChess Q2Sw"]
[Site "chess.com INT"]
[Date "2022.11.12"]
[Round "12"]
[White "Melian, Juan Sebastian"]
[Black "Chernov, Mikhail"]
[Result "1-0"]
[WhiteTitle "CM"]
[BlackTitle "FM"]
[WhiteElo "2150"]
[BlackElo "2213"]
[WhiteFideId "3706575"]
[BlackFideId "24143170"]
[EventDate "2022.11.12"]

1. c4 c5 2. Nc3 Nc6 3. g3 g6 4. Bg2 Bg7 5. e4 e5 6. Nge2 Nge7 7. d3 O-O 8. O-O
d6 9. Be3 Nd4 10. a3 f5 11. f4 Be6 12. b4 Qd7 13. Rb1 cxb4 14. axb4 Nxe2+ 15.
Nxe2 Nc6 16. fxe5 dxe5 17. Nc3 f4 18. Bc5 fxg3 19. Bxf8 gxh2+ 20. Kxh2 Rxf8 21.
Rxf8+ Bxf8 22. Nd5 Qd8 23. Qf3 Qh4+ 24. Kg1 Bxd5 25. exd5 Nxb4 26. Bh3 Bc5+ 27.
Kh2 Bd6 28. Kg2 Qg5+ 29. Kh1 Qd2 30. Rf1 e4 31. Qf7+ Kh8 32. Qf6+ Kg8 33. Be6# 1-0

[Event "chess.com SpeedChess Q2Sw"]
[Site "chess.com INT"]
[Date "2022.11.12"]
[Round "12"]
[White "Dudzinski, Pawel"]
[Black "Tokhirjonova, Gulrukhbegim"]
[Result "0-1"]
[WhiteTitle "FM"]
[BlackTitle "WGM"]
[WhiteElo "2186"]
[BlackElo "2328"]
[WhiteFideId "1117890"]
[BlackFideId "14203626"]
[EventDate "2022.11.12"]

1. e4 e5 2. Nf3 Nc6 3. d4 exd4 4. Nxd4 Nf6 5. Nxc6 bxc6 6. e5 Qe7 7. Qe2 Nd5 8.
c4 Ba6 9. Nd2 g6 10. g3 Bg7 11. f4 O-O 12. Bg2 f6 13. exf6 Qxf6 14. O-O Rae8 15.
Qf2 Nb4 16. Qxa7 Qd6 17. Nb3 Bxc4 18. Kh1 Bxf1 19. Bxf1 Qd5+ 20. Kg1 Nc2 21. Rb1
Re1 22. Qf2 Qe4 23. Nd2 Qd3 24. Kg2 Qd5+ 25. Kh3 Bd4 26. Qxe1 Nxe1 27. Bc4 Nd3
28. Bxd5+ cxd5 29. Nb3 Bg7 30. Bd2 Nxb2 31. Nc5 Nc4 32. Ba5 Nxa5 33. Nxd7 Re8
34. Rb5 Nc4 35. Rxd5 Nd6 36. a4 Re2 37. a5 Ra2 38. Nb8 h5 39. a6 Ne4 40. Rd8+
Kh7 41. Rd7 Nf6 42. Rxc7 Ng4 0-1

[Event "chess.com SpeedChess Q2Sw"]
[Site "chess.com INT"]
[Date "2022.11.12"]
[Round "12"]
[White "Novik, Maxim"]
[Black "Odegov, Artem"]
[Result "0-1"]
[WhiteTitle "GM"]
[BlackTitle "FM"]
[WhiteElo "2412"]
[BlackElo "2286"]
[WhiteFideId "4102924"]
[BlackFideId "34183644"]
[EventDate "2022.11.12"]

1. e4 e6 2. d4 d5 3. Nc3 Bb4 4. e5 c5 5. a3 Bxc3+ 6. bxc3 Ne7 7. h4 cxd4 8. cxd4
Qc7 9. Bd3 Nbc6 10. c3 Nxe5 11. dxe5 Qxc3+ 12. Qd2 Qxe5+ 13. Ne2 Qxa1 14. O-O
Qf6 15. h5 O-O 16. f4 Bd7 17. Bb2 Qh4 18. g3 Qxh5 19. Kg2 d4 20. Nxd4 Qd5+ 21.
Kf2 Rac8 22. Qe2 Nf5 23. Be4 Nxd4 24. Bxh7+ Kxh7 25. Bxd4 Qxd4+ 26. Kg2 Bc6+ 27.
Kh2 Rh8 0-1

[Event "chess.com SpeedChess Q2Sw"]
[Site "chess.com INT"]
[Date "2022.11.12"]
[Round "12"]
[White "Goltsev, Dmitry"]
[Black "Nenezic, Marko"]
[Result "0-1"]
[WhiteTitle "FM"]
[BlackTitle "IM"]
[WhiteElo "2232"]
[BlackElo "2510"]
[WhiteFideId "24176710"]
[BlackFideId "912123"]
[EventDate "2022.11.12"]

1. e4 c5 2. Nf3 d6 3. d4 cxd4 4. Nxd4 Nf6 5. Nc3 a6 6. Bg5 e6 7. Qd2 h6 8. Bh4
Nxe4 9. Nxe4 Qxh4 10. Bd3 d5 11. Ng3 Nc6 12. Nf3 Qd8 13. O-O Be7 14. Nh5 O-O 15.
Rae1 Bf6 16. c3 e5 17. Bc2 e4 18. Nf4 Bg4 19. Nxd5 exf3 20. Qd3 g6 21. h3 Bf5
22. Qxf3 Bxc2 23. Nxf6+ Kg7 24. Nd5 Bf5 25. Rd1 Re8 26. Qf4 Re5 27. Ne3 Qg5 28.
Qf3 Be4 29. Qg4 Qxg4 30. Nxg4 Re7 31. Ne3 Rd8 32. Rxd8 Nxd8 33. Re1 Bc6 34. Nf5+
gxf5 35. Rxe7 Ne6 36. Rxe6 fxe6 37. f4 Kf6 38. Kf2 e5 39. fxe5+ Kxe5 40. g3 f4
41. gxf4+ Kxf4 42. b3 h5 43. c4 h4 44. b4 Bd7 45. c5 Bxh3 46. a4 Bd7 47. b5 axb5
48. a5 b4 49. Ke2 h3 50. c6 0-1

[Event "chess.com SpeedChess Q2Sw"]
[Site "chess.com INT"]
[Date "2022.11.12"]
[Round "12"]
[White "Matinian, Nikita"]
[Black "Han, Yichen"]
[Result "1-0"]
[WhiteTitle "GM"]
[BlackTitle "FM"]
[WhiteElo "2425"]
[BlackElo "2423"]
[WhiteFideId "24129100"]
[BlackFideId "1054430"]
[EventDate "2022.11.12"]

1. e4 g6 2. d4 Bg7 3. Nc3 a6 4. f4 b5 5. Nf3 Bb7 6. Bd3 d6 7. a4 b4 8. Ne2 Nd7
9. c3 c5 10. O-O Ngf6 11. Ng3 O-O 12. Kh1 Qb6 13. a5 Qc7 14. Be3 e5 15. fxe5
dxe5 16. d5 bxc3 17. bxc3 Ne8 18. c4 Nd6 19. Qd2 f5 20. exf5 gxf5 21. Bh6 e4 22.
Bxg7 Kxg7 23. Nh5+ Kg6 24. Qg5+ Kf7 25. Qg7+ Ke8 26. Ng5 Qd8 27. Bxe4 Qe7 28.
Bc2 Qxg7 29. Nxg7+ Ke7 30. Rae1+ Kf6 31. Re6+ Kxg5 32. Rxd6 Ne5 33. Ne6+ Kg4 34.
Nxf8 Rxf8 35. Rb6 Bc8 36. Rb8 Nxc4 37. Rxc8 Ne3 38. Rxf8 Nxf1 39. Bxf5+ Kg5 40.
d6 Ne3 41. d7 Nxf5 42. d8=Q+ Kg6 43. Rxf5 Kxf5 44. Qd5+ Kf6 45. Qxc5 Ke6 46.
Qb6+ Kd7 47. Qxa6 Kc7 48. Qb6+ Kd7 49. a6 Ke7 50. a7 Kf7 51. a8=Q Kg7 52. Qaa7+
Kh8 53. Qbb8# 1-0

[Event "chess.com SpeedChess Q2Sw"]
[Site "chess.com INT"]
[Date "2022.11.12"]
[Round "12"]
[White "Ezat, Mohamed"]
[Black "Mouhamad, Joachim"]
[Result "1-0"]
[WhiteTitle "IM"]
[BlackTitle "FM"]
[WhiteElo "2404"]
[BlackElo "2266"]
[WhiteFideId "10600906"]
[BlackFideId "656410"]
[EventDate "2022.11.12"]

1. e4 c5 2. d4 cxd4 3. c3 dxc3 4. Nxc3 Nc6 5. Nf3 d6 6. Bc4 a6 7. O-O Nf6 8. h3
e6 9. Qe2 Be7 10. Rd1 Qc7 11. Bf4 Ne5 12. Bb3 O-O 13. Rac1 Qb8 14. Bh2 b5 15.
Nd4 Bb7 16. f4 Ng6 17. e5 dxe5 18. fxe5 Nd7 19. Nxe6 fxe6 20. Bxe6+ Kh8 21. Bxd7
Qa7+ 22. Kh1 Rf2 23. Bg1 Rxg2 24. Bxa7 Rxe2+ 25. Nd5 Rxa7 26. Bc6 Bxc6 27. Rxc6
Bf8 28. Rc8 Rxe5 29. Rf1 h5 30. Nf4 Kh7 31. Nxg6 Kxg6 32. Rcxf8 Rd7 33. R8f2
Rde7 34. Rg1+ Kh7 35. Rgg2 Re3 36. Kh2 Rd3 37. Rf5 g6 38. Rf6 Rg7 39. Rxa6 Rd5
40. Rb6 Kh6 41. b3 Re7 42. Rbxg6+ Kh7 43. R6g5 Kh6 44. Rxd5 1-0

[Event "chess.com SpeedChess Q2Sw"]
[Site "chess.com INT"]
[Date "2022.11.12"]
[Round "12"]
[White "Singh, Arvinder Preet"]
[Black "Ljukin, Sergei"]
[Result "0-1"]
[WhiteTitle "FM"]
[BlackTitle "FM"]
[WhiteElo "2148"]
[BlackElo "2362"]
[WhiteFideId "5013240"]
[BlackFideId "14102200"]
[EventDate "2022.11.12"]

1. e4 e6 2. d3 d5 3. Nd2 Nf6 4. Ngf3 Be7 5. g3 O-O 6. Bg2 c5 7. O-O Nc6 8. Re1
Qc7 9. e5 Nd7 10. Qe2 b5 11. Nf1 Qb6 12. h4 c4 13. Qd1 cxd3 14. cxd3 b4 15. Bf4
a5 16. N1h2 Ba6 17. Ng5 Qd4 18. Bf1 Bxg5 19. hxg5 Ndxe5 20. Qh5 Nxd3 21. Be3 Qe4
22. Bxd3 Qxd3 23. Rac1 Rac8 24. Ng4 Qg6 25. Qh3 Qf5 26. Bc5 Rfe8 27. Qh4 Bd3 28.
Ne3 Qf3 29. Ng4 Be4 30. Qh3 Bf5 31. Nh2 Qxf2+ 32. Kxf2 Bxh3 33. Nf3 Bf5 34. Bb6
Be4 35. Nd2 Bf5 36. Nb3 a4 37. Nc5 b3 0-1

[Event "chess.com SpeedChess Q2Sw"]
[Site "chess.com INT"]
[Date "2022.11.12"]
[Round "12"]
[White "Jegorovas, Aleksandras"]
[Black "Yuan, Qingyu"]
[Result "0-1"]
[WhiteTitle "FM"]
[WhiteElo "2270"]
[BlackElo "2373"]
[WhiteFideId "12801950"]
[BlackFideId "8609772"]
[EventDate "2022.11.12"]

1. Nf3 d5 2. e3 c5 3. b3 Nf6 4. Bb2 g6 5. Bxf6 exf6 6. c4 Bg7 7. cxd5 Qxd5 8.
Bc4 Qd6 9. Nc3 O-O 10. O-O Nc6 11. h3 f5 12. Qe2 a6 13. Rad1 b5 14. Bd5 Ra7 15.
Bxc6 Qxc6 16. Rc1 Rd7 17. Rfd1 Bb7 18. Qf1 Qb6 19. Ne2 Rfd8 20. Qe1 Bxf3 21.
gxf3 Be5 22. f4 Bf6 23. Ng3 Rd3 24. Qe2 R8d5 25. Rc2 Qd6 26. Nf1 Bc3 27. Rdc1
Bb4 28. Rd1 Kg7 29. Kg2 Qc6 30. Qf3 Qe6 31. Rdc1 Qd6 32. Qe2 h6 33. Rd1 Qd7 34.
Kg1 Qe6 35. Kg2 Qe4+ 36. Qf3 Qe7 37. Kg1 Rd6 38. Qe2 Qe4 39. Ng3 Qd5 40. Nf1 g5
41. fxg5 hxg5 42. Ng3 f4 43. exf4 gxf4 44. Nh5+ Kh6 45. Nxf4 Qg5+ 46. Kh1 Qxf4 0-1

[Event "chess.com SpeedChess Q2Sw"]
[Site "chess.com INT"]
[Date "2022.11.12"]
[Round "12"]
[White "Kukula, Pawel"]
[Black "Guzman Moneo, Alberto"]
[Result "1/2-1/2"]
[BlackTitle "CM"]
[WhiteElo "2135"]
[BlackElo "2146"]
[WhiteFideId "1115081"]
[BlackFideId "2209616"]
[EventDate "2022.11.12"]

1. e4 c5 2. Nc3 a6 3. g3 b5 4. Bg2 Bb7 5. d3 b4 6. Nce2 d5 7. e5 e6 8. f4 Ne7 9.
Nf3 Nf5 10. O-O h5 11. c3 a5 12. d4 Ba6 13. Rf2 Nd7 14. a3 Nb6 15. dxc5 Bxc5 16.
Ned4 bxc3 17. bxc3 Nc4 18. Qa4+ Qd7 19. Qxd7+ Kxd7 20. Bh3 Nfe3 21. f5 Ng4 22.
Bxg4 hxg4 23. fxe6+ fxe6 24. Ng5 Bxd4 25. cxd4 Raf8 26. Bf4 Rb8 27. a4 Rhf8 28.
Kg2 Rb3 29. h3 gxh3+ 30. Nxh3 Rf5 31. Ng5 Rd3 32. Nf3 Ne3+ 33. Bxe3 Rxe3 34. Rb1
Bd3 35. Rb7+ Kc6 36. Rb3 Bf1+ 37. Rxf1 Rxb3 38. Rc1+ Kd7 39. Nh4 Rb2+ 40. Kh3
Rff2 41. Ng6 Rfd2 42. Rf1 Rf2 43. Rc1 Rbc2 44. Rb1 Rb2 45. Rc1 1/2-1/2

[Event "chess.com SpeedChess Q2Sw"]
[Site "chess.com INT"]
[Date "2022.11.12"]
[Round "12"]
[White "Zhigalko, Sergei"]
[Black "Kosakowski, Jakub"]
[Result "1-0"]
[WhiteTitle "GM"]
[BlackTitle "IM"]
[WhiteElo "2572"]
[BlackElo "2475"]
[WhiteFideId "13502956"]
[BlackFideId "1185080"]
[EventDate "2022.11.12"]

1. e4 c6 2. d4 d5 3. e5 Bf5 4. Nf3 e6 5. Be2 Ne7 6. O-O c5 7. dxc5 Nec6 8. Be3
Nd7 9. c4 dxc4 10. Na3 Bxc5 11. Nxc4 O-O 12. Bxc5 Nxc5 13. Qc1 Nd4 14. Nxd4 Qxd4
15. Rd1 Nd3 16. Bxd3 Bxd3 17. Nd6 Rad8 18. Qd2 Qxe5 19. Qxd3 Qxb2 20. Qb3 Qe5
21. Nxb7 Rd5 22. Rab1 Rb8 23. Rxd5 exd5 24. Qd3 g6 25. g3 d4 26. Rb3 Qd5 27. Qb5
Qe4 28. Nc5 Rxb5 29. Nxe4 Ra5 30. a3 f5 31. Nd2 Rc5 32. Nf3 Rc3 33. Nxd4 1-0

[Event "chess.com SpeedChess Q2Sw"]
[Site "chess.com INT"]
[Date "2022.11.12"]
[Round "12"]
[White "Mezhlumyan, Vahram"]
[Black "Grandelius, Nils"]
[Result "0-1"]
[WhiteTitle "FM"]
[BlackTitle "GM"]
[WhiteElo "2208"]
[BlackElo "2657"]
[WhiteFideId "13302183"]
[BlackFideId "1710400"]
[EventDate "2022.11.12"]

1. d4 d5 2. c4 e6 3. Nc3 a6 4. cxd5 exd5 5. Nf3 h6 6. Bf4 Nf6 7. e3 Bd6 8. Bxd6
Qxd6 9. Bd3 Bg4 10. h3 Bxf3 11. Qxf3 Nbd7 12. O-O O-O 13. Rac1 c6 14. a3 Rfe8
15. b4 a5 16. Rb1 b5 17. Rfc1 Nb6 18. e4 axb4 19. e5 Qd8 20. axb4 Nfd7 21. Ne2
Nc4 22. Nf4 Nd2 23. Qg4 Nxb1 24. h4 Nxe5 25. dxe5 Rxe5 26. Rxb1 Qc8 27. Qg3 Qe8
28. Kh2 Kf8 29. Rc1 Rd8 30. Qf3 Rd6 31. Ng6+ Rxg6 32. Bxg6 Re6 33. Bd3 Qe7 34.
g3 Qxb4 35. Qf5 g6 36. Qf3 Qd4 37. Rc2 Kg7 38. Ra2 b4 39. Ra8 Rf6 40. Qd1 Rxf2+
41. Kh3 h5 42. Re8 b3 43. Qxb3 Qg4# 0-1

[Event "chess.com SpeedChess Q2Sw"]
[Site "chess.com INT"]
[Date "2022.11.12"]
[Round "12"]
[White "Salem, A.R. Saleh"]
[Black "Deac, Bogdan-Daniel"]
[Result "1-0"]
[WhiteTitle "GM"]
[BlackTitle "GM"]
[WhiteElo "2677"]
[BlackElo "2700"]
[WhiteFideId "9301348"]
[BlackFideId "1226380"]
[EventDate "2022.11.12"]

1. d4 d5 2. c4 c6 3. Nc3 Nf6 4. Nf3 e6 5. g3 dxc4 6. Bg2 Nbd7 7. e4 Be7 8. O-O
O-O 9. a4 a5 10. Bf4 Re8 11. Re1 Bb4 12. Qe2 b5 13. Bg5 h6 14. Bh4 Qb6 15. g4 e5
16. Bxf6 Nxf6 17. Nxe5 Rxe5 18. dxe5 Nxg4 19. axb5 Nxf2 20. Na4 Nh3+ 21. Kh1
Nf2+ 22. Kg1 Nh3+ 23. Kh1 Qxb5 24. Rf1 Qxe5 25. Nb6 Bd6 26. Bxh3 Bxh3 27. Nxa8
Bxf1 28. Rxf1 Qb5 29. Rd1 Be5 30. Qf2 Qb8 31. Nb6 Qe8 32. Nxc4 Bc7 33. e5 Qe6
34. Nd6 Bb8 35. Qf5 Qe7 36. Qc8+ Kh7 37. Qf5+ g6 38. Qxf7+ 1-0

[Event "chess.com SpeedChess Q2Sw"]
[Site "chess.com INT"]
[Date "2022.11.12"]
[Round "12"]
[White "Mikhailov, Viacheslav"]
[Black "Eynullayev, Altay"]
[Result "0-1"]
[WhiteTitle "IM"]
[BlackTitle "FM"]
[WhiteElo "2428"]
[BlackElo "2214"]
[WhiteFideId "4187369"]
[BlackFideId "13413562"]
[EventDate "2022.11.12"]

1. Nf3 Nf6 2. g3 e6 3. Bg2 d5 4. O-O Be7 5. c4 O-O 6. d4 dxc4 7. Ne5 Nc6 8. Nxc6
bxc6 9. Na3 Bxa3 10. bxa3 Ba6 11. Bxc6 Rb8 12. Qa4 Rb6 13. Bf3 Nd5 14. Qa5 c3
15. a4 Qe7 16. Re1 Qb4 17. Qxb4 Nxb4 18. Ba3 Nc2 19. Bxf8 Kxf8 20. Be4 Nxa1 21.
Rxa1 Rb2 22. e3 f5 23. Bb1 c2 24. Bxc2 Rxc2 25. h3 Bc4 26. Rb1 Bd5 27. a3 Ra2
28. g4 fxg4 29. hxg4 Rxa3 30. Rb8+ Ke7 31. Rc8 Rxa4 32. Rxc7+ Kf6 33. Kh2 Ra2
34. Kg3 h6 35. f3 a5 36. e4 Bb3 37. f4 a4 38. f5 exf5 39. gxf5 a3 40. Rc6+ Kg5
41. Rg6+ Kh5 42. Rxg7 Ra1 43. Ra7 a2 44. d5 Rg1+ 45. Kf4 a1=Q 46. Rxa1 Rxa1 47.
d6 Rd1 48. e5 Bc2 49. e6 Rxd6 50. Ke5 Rd1 51. f6 Kg6 52. e7 Kf7 0-1

[Event "chess.com SpeedChess Q2Sw"]
[Site "chess.com INT"]
[Date "2022.11.12"]
[Round "12"]
[White "Podobnik, Marijan"]
[Black "Gheorghiu, Calin"]
[Result "1-0"]
[WhiteTitle "FM"]
[BlackTitle "FM"]
[WhiteElo "2118"]
[BlackElo "2300"]
[WhiteFideId "14502151"]
[BlackFideId "1200305"]
[EventDate "2022.11.12"]

1. e4 c5 2. c3 Nf6 3. e5 Nd5 4. d4 cxd4 5. Nf3 Nc6 6. Bc4 Nb6 7. Bb3 d5 8. exd6
Qxd6 9. O-O Be6 10. Na3 a6 11. Bxe6 Qxe6 12. Nxd4 Nxd4 13. Qxd4 Rd8 14. Qh4 Qc6
15. Be3 e6 16. Rad1 Be7 17. Rxd8+ Bxd8 18. Qg3 O-O 19. Bd4 f6 20. Rd1 Bc7 21.
Qh3 Nd5 22. Qf3 Rd8 23. g3 Ne7 24. Qe2 Nf5 25. Be3 Rxd1+ 26. Qxd1 Nxe3 27. fxe3
Bb6 28. Qd3 Qf3 29. Nc4 Qc6 30. Nxb6 Qxb6 31. b4 Qc6 32. Kf2 Kf7 33. h4 Qd5 34.
Qc2 Qh1 35. Qxh7 Qh2+ 36. Kf3 Qh1+ 37. Kf2 Qh2+ 38. Kf3 Qxa2 39. Qh5+ Ke7 40.
Qg6 Qd5+ 41. Kf2 Kf8 42. Qc2 Qh1 43. Qd3 Qh2+ 44. Kf3 Kf7 45. Qd7+ 1-0

[Event "chess.com SpeedChess Q2Sw"]
[Site "chess.com INT"]
[Date "2022.11.12"]
[Round "12"]
[White "Kollars, Dmitrij"]
[Black "Stribuk, Artiom"]
[Result "1-0"]
[WhiteTitle "GM"]
[BlackTitle "FM"]
[WhiteElo "2611"]
[BlackElo "2312"]
[WhiteFideId "12909572"]
[BlackFideId "13515659"]
[EventDate "2022.11.12"]

1. e4 c5 2. Nf3 Nc6 3. Bb5 e6 4. O-O Nge7 5. Re1 a6 6. Bf1 b6 7. c3 d5 8. exd5
Nxd5 9. d4 cxd4 10. Nxd4 Bb7 11. Nxc6 Bxc6 12. Nd2 Be7 13. Nf3 O-O 14. Ne5 Bb7
15. Qg4 Nf6 16. Qg3 Nh5 17. Qh3 Nf6 18. Bg5 Nd5 19. Bd2 Bd6 20. c4 Nf6 21. Bg5
h6 22. Bxf6 Qxf6 23. Nd7 Qxb2 24. Rab1 Qxa2 25. Rxb6 Qa5 26. Reb1 Be4 27. R1b3
Rfd8 28. Rxd6 Qa1 29. Qe3 Bc2 30. Ra3 Qb1 31. c5 Rac8 32. Rc3 Ba4 33. Rc1 Qb4
34. Rd4 Qb3 35. Qxb3 Bxb3 36. Bxa6 Ra8 37. Bb7 Ra4 38. Nf6+ gxf6 39. Rxd8+ Kg7
40. c6 1-0

[Event "chess.com SpeedChess Q2Sw"]
[Site "chess.com INT"]
[Date "2022.11.12"]
[Round "12"]
[White "Gubajdullin, Alexei"]
[Black "Zemlyanskii, Ivan"]
[Result "0-1"]
[WhiteTitle "FM"]
[BlackTitle "FM"]
[WhiteElo "2300"]
[BlackElo "2237"]
[WhiteFideId "4141202"]
[BlackFideId "24249971"]
[EventDate "2022.11.12"]

1. d4 d5 2. Nf3 Nf6 3. Bf4 c5 4. e3 Nc6 5. Nbd2 cxd4 6. exd4 Bf5 7. c3 e6 8. Qb3
Qc8 9. Nh4 Be4 10. Nxe4 dxe4 11. g3 Nd5 12. Bd2 Be7 13. Ng2 O-O 14. Be2 f5 15.
O-O Qd7 16. f3 exf3 17. Bxf3 Na5 18. Qc2 Nc4 19. Rae1 Bf6 20. Bc1 Rac8 21. Qe2
Rfe8 22. g4 g6 23. Qf2 Kh8 24. h4 Rf8 25. g5 Bg7 26. Nf4 Nxf4 27. Bxf4 Rfe8 28.
Qh2 Qb5 29. h5 gxh5 30. Qxh5 Qxb2 31. Re2 Qxc3 32. g6 Kg8 33. Qxh7+ Kf8 34. Rd1
Qxf3 35. Bh6 Qg4+ 36. Rg2 Qxd1+ 37. Kf2 Qxd4+ 38. Kg3 Qg4+ 39. Kf2 Qh4+ 40. Ke2
Qxh6 0-1

[Event "chess.com SpeedChess Q2Sw"]
[Site "chess.com INT"]
[Date "2022.11.12"]
[Round "12"]
[White "Aumann, Welf"]
[Black "Gurevich, Dmitry"]
[Result "1-0"]
[WhiteTitle "FM"]
[BlackTitle "GM"]
[WhiteElo "2316"]
[BlackElo "2396"]
[WhiteFideId "4634071"]
[BlackFideId "2000407"]
[EventDate "2022.11.12"]

1. c4 e6 2. g3 g6 3. Bg2 Bg7 4. Nf3 Ne7 5. h4 h5 6. O-O b6 7. d4 Bb7 8. Nc3 d5
9. cxd5 exd5 10. Bg5 c6 11. Qd2 O-O 12. Rad1 Nd7 13. e4 Nf6 14. e5 Ne4 15. Nxe4
dxe4 16. Nh2 Qd7 17. Bxe4 Nf5 18. g4 hxg4 19. Nxg4 Nxd4 20. f3 c5 21. Nf6+ Bxf6
22. Bxf6 Kh7 23. h5 Bxe4 24. hxg6+ fxg6 25. Qh2+ Kg8 26. fxe4 Qg4+ 27. Kh1 Qxe4+
28. Qg2 Qxg2+ 29. Kxg2 Kf7 30. Rh1 Ke6 31. Rh7 Nf5 32. Rdd7 Ne3+ 33. Kf3 Nc4 34.
Kf4 g5+ 35. Ke4 Nxe5 36. Bxe5 Rfe8 37. Rd6# 1-0

[Event "chess.com SpeedChess Q2Sw"]
[Site "chess.com INT"]
[Date "2022.11.12"]
[Round "12"]
[White "Barria Zuniga, Daniel"]
[Black "Srihari, L R"]
[Result "0-1"]
[WhiteTitle "IM"]
[BlackTitle "IM"]
[WhiteElo "2341"]
[BlackElo "2436"]
[WhiteFideId "3400816"]
[BlackFideId "46617116"]
[EventDate "2022.11.12"]

1. c4 e5 2. g3 g6 3. Bg2 Bg7 4. Nc3 Ne7 5. Nf3 Nbc6 6. O-O O-O 7. d3 h6 8. Rb1
a5 9. a3 d6 10. c5 dxc5 11. Be3 b6 12. Qd2 Kh7 13. Rfc1 Rb8 14. Na2 Be6 15. b4
axb4 16. axb4 Ra8 17. Rb2 Rxa2 18. Rxa2 Bxa2 19. Qxa2 Nxb4 20. Qa7 Nec6 21. Qa4
Qa8 22. Qb3 Qa2 23. Qd1 Rd8 24. Nd2 Qe6 25. Ne4 f5 26. Nc3 e4 27. Nb5 exd3 28.
Nxc7 Qf7 29. Nb5 Qa2 30. exd3 Rxd3 31. Qf1 Ne5 32. h3 Nc4 33. Bf4 Nd2 34. Qe2
Ne4 35. Qf1 g5 36. Bc7 Rd2 37. Bxe4 fxe4 38. Qe1 Re2 39. Qf1 Nd3 40. Qg2 Nxc1 0-1

[Event "chess.com SpeedChess Q2Sw"]
[Site "chess.com INT"]
[Date "2022.11.12"]
[Round "12"]
[White "Musovic, Armin"]
[Black "Koc, Przemyslaw"]
[Result "0-1"]
[WhiteTitle "FM"]
[WhiteElo "2276"]
[BlackElo "2346"]
[WhiteFideId "939935"]
[BlackFideId "1109081"]
[EventDate "2022.11.12"]

1. a3 e5 2. Nc3 d5 3. d4 e4 4. Bf4 Nf6 5. Be5 c6 6. e3 Bd6 7. Bxd6 Qxd6 8. Nge2
O-O 9. Nf4 Bg4 10. Be2 Bxe2 11. Qxe2 Nbd7 12. g4 b5 13. g5 Ne8 14. h4 Nc7 15. h5
Ne6 16. Qg4 Nxf4 17. exf4 f5 18. Qg3 a5 19. Nd1 c5 20. h6 g6 21. dxc5 Nxc5 22.
Ne3 d4 23. Rd1 Ne6 24. Ng2 Rfd8 25. Qb3 Qd5 26. Qg3 Qc4 27. c3 b4 28. Rh3 dxc3
29. bxc3 Rxd1+ 30. Kxd1 Rd8+ 31. Ke1 Rd3 32. Ne3 Qxc3+ 33. Kf1 Nd4 34. Rh1 Qd2
35. Kg2 Nf3 36. axb4 Rxe3 37. bxa5 Re1 38. Qh3 Qxa5 39. Rxe1 Qxe1 40. Qh1 Qxh1+
41. Kxh1 Kf7 42. Kg2 Ke6 43. Kf1 Kd5 44. Ke2 Kd4 45. Kf1 Kd3 46. Kg2 Ke2 47. Kg3
Kf1 48. Kh3 Ke2 49. Kg3 Nd2 50. Kg2 Nb3 51. Kg3 Nc1 52. Kh3 Kf3 53. Kh4 Kxf4 54.
Kh3 Kf3 55. Kh4 Kxf2 56. Kh3 e3 57. Kh2 e2 58. Kh3 e1=Q 59. Kh4 Qh1# 0-1

[Event "chess.com SpeedChess Q2Sw"]
[Site "chess.com INT"]
[Date "2022.11.12"]
[Round "12"]
[White "Indjic, Aleksandar"]
[Black "Sarana, Alexey"]
[Result "1-0"]
[WhiteTitle "GM"]
[BlackTitle "GM"]
[WhiteElo "2631"]
[BlackElo "2668"]
[WhiteFideId "911925"]
[BlackFideId "24133795"]
[EventDate "2022.11.12"]

1. c4 e6 2. Nf3 d5 3. e3 Nf6 4. Nc3 Bd6 5. b3 O-O 6. Bb2 Re8 7. g4 c5 8. g5 Ne4
9. Qc2 Nxg5 10. Nxg5 Qxg5 11. h4 Qh6 12. cxd5 exd5 13. Nxd5 Nc6 14. Rg1 Be5 15.
Bb5 Bxb2 16. Qxb2 Ne5 17. O-O-O Bd7 18. f4 Bxb5 19. fxe5 Kh8 20. Nc7 Bd3 21.
Nxe8 Rxe8 22. Qc3 Bf5 23. Rg5 Be6 24. Rdg1 g6 25. h5 Rc8 26. Kb2 b5 27. d4 cxd4
28. Qxd4 Qf8 29. Qf4 Bf5 30. Rxf5 gxf5 31. Qxf5 Rc6 32. Kb1 Qe7 33. Qg4 Qf8 34.
Rf1 Qe8 35. Rf6 Re6 36. h6 Qg8 37. Qf3 Qg1+ 38. Kb2 Qh2+ 39. Ka3 Qxe5 40. Rxe6
b4+ 41. Ka4 Qxe6 42. Qa8+ 1-0

[Event "chess.com SpeedChess Q2Sw"]
[Site "chess.com INT"]
[Date "2022.11.12"]
[Round "12"]
[White "Ladan, Nicholas"]
[Black "Feng, Eric"]
[Result "1-0"]
[WhiteElo "2091"]
[BlackElo "1885"]
[WhiteFideId "30918855"]
[BlackFideId "30952590"]
[EventDate "2022.11.12"]

1. d4 Nf6 2. c4 e6 3. g3 d5 4. Nf3 Be7 5. Bg2 O-O 6. O-O c6 7. Nbd2 b6 8. Qc2
Nbd7 9. e4 dxc4 10. Nxc4 Ba6 11. Re1 Rc8 12. Bf4 c5 13. Nd6 Bxd6 14. Bxd6 cxd4
15. Qa4 Nb8 16. Bxb8 Bb7 17. Be5 d3 18. Rad1 Nxe4 19. Rxe4 Bxe4 20. Qxe4 f6 21.
Bc3 e5 22. Rxd3 Qe7 23. Nh4 Rfd8 24. Nf5 Qf8 25. h4 g6 26. Rxd8 Rxd8 27. Ne3 Qd6
28. Qd5+ Qxd5 29. Bxd5+ Kf8 30. Kf1 a5 31. Ke2 Ke7 32. g4 Kd6 33. Bb3 Kc5 34. f3
Ra8 35. a4 b5 36. axb5 Kxb5 37. Bd5 Rd8 38. Be4 a4 39. Bd3+ Kc5 40. Nc2 Rb8 41.
h5 Rg8 42. h6 Re8 43. Ke3 Kd5 44. Nb4+ Kc5 45. Na6+ Kb6 46. Nb4 Kc5 47. Be4 Kc4
48. Nd5 Re6 49. Ke2 f5 50. Ne3+ Kc5 51. gxf5 gxf5 52. Nxf5 Kc4 53. Ke3 a3 54.
bxa3 Kxc3 55. f4 exf4+ 56. Kxf4 Kb3 57. Bd5+ Kxa3 58. Bxe6 Kb4 59. Bg8 Kc5 60.
Bxh7 Kc6 61. Kg5 Kd7 62. Kg6 Kc6 63. Kg7 Kd7 64. Bg6 Kc6 65. h7 Kd7 66. h8=Q Kc6
67. Qd8 Kb7 68. Qd6 Kc8 69. Qe7 Kb8 70. Nd6 Ka8 71. Qb7# 1-0